000 00572cam a22001575a 4500
001 J100766
008 000000s1912 xxk 000 0 eng u
035 _a(Sirsi) u100766
110 _aLand Agents' Society
245 4 _aThe Finance (1909-1910) Act 1910. Part 1. Further aids to Part 1 of the Finance (1909-1910) Act 1910, more particularlywith reference to site value deductions, prepared by the Parliamentary Committee of the Land Agents' Society.
260 _c1912
300 _a33p.
651 4 _aUnited Kingdom
_y
690 _aFinance and taxation
942 _n0
999 _c99815
_d99815